Les confessions saint Augustin, ou, Extrait des confessions de ce saint d'après un plan entièrement neuf

Detalles Bibliográficos
Autor principal: Agustín santo ob. de Hipona 354-430
Formato: Libro
Lenguaje:French
Publicado: Tours 1859
Edición:Deuxième édition
Serie editorial:Bibliothèque pieuse des maisons d'éducation. 1re série
Materias:
Colección:Banco de datos
Acervo:Biblioteca de la Congregación del Oratorio de San Felipe Neri de México. Iglesia La Profesa
Descripción Física:283 p. il. 16 cm.
Tema general:Teología dogmática
Notas:Incluye frontispicio. Encuadernación en piel sobre cartón. Ex libris en estampa de d'Alfonso a Gouin, Bordeaux. Daños en la encuadernación
LEADER 00997nam a22002170004500
035 |a 2319 
041 0 |a fre 
100 1 |a Agustín  |c santo  |c ob. de Hipona  |d 354-430 
245 1 0 |a Les confessions saint Augustin, ou, Extrait des confessions de ce saint d'après un plan entièrement neuf 
250 |a Deuxième édition 
260 |a Tours  |b Ad. Mame et cie., imprimeurs-libraires  |c 1859 
300 |a 283 p.  |b il.  |c 16 cm. 
440 0 |a Bibliothèque pieuse des maisons d'éducation. 1re série 
500 |a Incluye frontispicio. Encuadernación en piel sobre cartón. Ex libris en estampa de d'Alfonso a Gouin, Bordeaux. Daños en la encuadernación  
504 |a Índice de contenido 
650 1 0 |a Teología dogmática 
740 0 |a Extrait des confessions de ce Saint d'après un plan entièrement neuf 
949 |a Iglesia La Profesa, Biblioteca 4420 
942 |c PROFESA 
943 |g Biblioteca de la Congregación del Oratorio de San Felipe Neri de México. Iglesia La Profesa 
999 |c 949130  |d 949130